NBA Finals Game High by Season - Statistics

General Stats
  • This quiz has been taken 124 times
    45 since last reset
  • The average score is 37 of 49
Answer Stats
Player % Correct
Allen Iverson
100%
Dwyane Wade
100%
Giannis Antetokounmpo
100%
Hakeem Olajuwon
100%
Jerry West
100%
Jimmy Butler
100%
Kareem Abdul-Jabbar
100%
Kobe Bryant
100%
Kyrie Irving
100%
Larry Bird
100%
LeBron James
100%
Michael Jordan
100%
Nikola Jokić
100%
Paul Pierce
100%
Russell Westbrook
100%
Shaquille O'Neal
100%
Stephen Curry
100%
Tim Duncan
100%
Tony Parker
100%
Chauncey Billups
98%
Gus Williams
98%
Jalen Williams
98%
Julius Erving
98%
Isiah Thomas
95%
Magic Johnson
95%
Kevin McHale
90%
Wilt Chamberlain
90%
Moses Malone
88%
Clyde Drexler
85%
James Worthy
85%
Dennis Johnson
83%
Elgin Baylor
83%
Bob Pettit
80%
George Mikan
78%
John Havlicek
71%
Rick Barry
71%
Walt Frazier
71%
Latrell Sprewell
46%
Jo Jo White
39%
Paul Arizin
39%
Dave DeBusschere
34%
Gail Goodrich
27%
Cliff Hagan
24%
George Yardley
17%
Alvan Adams
12%
Andrew Toney
12%
Bob Dandridge
12%
Jim Pollard
5%
Max Zaslofsky
2%
No matching quizzes found
Score Distribution
Percent of People with Each Score
Percentile by Number Answered
Your Score History
You have not taken this quiz since the last reset